01490nam a2200253 i 450000100060000000300090000600500170001500700030003200800410003510000320007624502060010826000930031430000590040749001070046649001010057350001050067465000650077965100380084470000360088271000760091883001070099483001010110185200340120269639ES-MaACL20250826111450.0t|040708s1939 mr ||||1| spa d1 aGarcía Figueras, Tomás.10aDos expedientes de abastecimiento de Maragán, Tánger y Ceuta por factores portugueses del puerto de Santa María (1563-1567) / cpresentados por Tomás García Figueras e Hipólito Sancho Mayi. aTánger : b[Instituto General Franco], c1939 (eLarache : fArtes Gráficas Boscá) aVIII, 86 p., 1 map. pleg., [1] h. de lám. ; c25 cm.1 aPublicaciones del Instituto General Franco. Sección 3ª, Utilización de Archivos Españoles ; v11 aDocumentos para el estudio del abastecimiento de las plazas portuguesas desde el sur de España aPrecede al tít.: Publicaciones del Instituto General Franco para la Investigación Hispano-Arabe. 4aAlimentos-xAbastecimiento-zMarruecos-vHistoria-vFuentes. 4aMarruecos-xHistoria-y1516-1830.1 aSancho, Hipólito, d1893-19642 aInstituto General Franco de Estudios e Investigación Hispano-Árabe.0 aPublicaciones del Instituto General Franco. Sección 3ª, Utilización de Archivos Españoles ; v10 aDocumentos para el estudio del abastecimiento de las plazas portuguesas desde el sur de España aES-MaACLj1759-F-22 bR.19009